ArchiCAD 6.0: Тонкости, хитрости и секреты

Библиографические подробности
Главный автор: Фелистов Э. Эдуард
Язык:русский
Опубликовано: Москва, Познавательная книга, 1999
Серии:Кратко. Доступно. Просто
Предметы:
Формат: Книга
Запись в KOHA:https://koha.lib.tpu.ru/cgi-bin/koha/opac-detail.pl?biblionumber=25389

MARC

LEADER 00000nam0a2200000 4500
001 25389
005 20231030200926.0
010 |a 5832100654 
035 |a (RuTPU)RU\TPU\book\25625 
035 |a BOOK00025700 
090 |a 25389 
100 |a 20011209d1999 km y0rusy50 ca 
101 0 |a rus 
102 |a RU 
105 |a a g 000zy 
200 1 |a ArchiCAD 6.0  |e Тонкости, хитрости и секреты  |f Э. Фелистов 
210 |a Москва  |c Познавательная книга  |d 1999 
215 |a 160 с.  |c ил. 
225 1 |a Кратко. Доступно. Просто 
610 1 |a программы 
610 1 |a справочники 
610 1 |a архитектурные задачи 
610 1 |a САПР 
610 1 |a ArchiCAD 6.0 
675 |a 681.327.1(03)  |v 3 
700 1 |a Фелистов  |b Э.  |g Эдуард 
801 0 |a RU  |b 63413507  |c 20011209  |g PSBO 
801 2 |a RU  |b 63413507  |c 20090122  |g PSBO 
942 |c BK